000 00511nam a2200193 a 4500
001 2980
005 20140414132012.0
008 051130s19uu xx 00 eng d
020 _a0-590-02045-5
050 _aTR
_bC94 1952
100 _aRey, H. A.
245 _aCurious George rides a bike /
_cby H. A. Rey.
260 _aNew York :
_bScholastic,
_c1952.
300 _a1 v. (unp.) : ill. ; cm.
440 _aCurious George
650 _aBike
_xFiction.
650 _aChildren stories.
999 _c113301
_d113301